| 000 | 00727nam a22002057a 4500 | ||
|---|---|---|---|
| 999 |
_c18951 _d18951 |
||
| 003 | AR-CdUCM | ||
| 008 | 190515b ||||| |||| 00| 0 spa d | ||
| 040 |
_aMUNICIPALIDAD PROVINCIAL DEL CUSCO _cBIBLIOTECA MUNICIPAL DEL CUSCO |
||
| 082 |
_a536.2 / _bI77 |
||
| 100 |
_aIsachenko, V. _939889 |
||
| 245 | _aTransmisión del calor / | ||
| 260 |
_aBarcelona : _bMarcombo, _c1979. |
||
| 300 |
_a566 paginas ; _c22 cm. |
||
| 505 | _aContenido :Conceptos básicos de conducción --Conducción en estado estacionario --Conducción transitoria --Fundamentos de la conveccion ... | ||
| 650 |
_aTermodinámica _919746 |
||
| 650 |
_aTransmicion _939890 |
||
| 650 |
_aCalor _920847 |
||
| 942 |
_2ddc _cLIBROS |
||
| 945 |
_arjall _d2019-05-15 |
||